| 000 | 00797nas a2200265 4500 | ||
|---|---|---|---|
| 001 | BR7001032 | ||
| 003 | BR-BrBNA | ||
| 005 | 20231205082319.0 | ||
| 007 | ta | ||
| 008 | 230509b bl.|||p| |||| 00| 00por d | ||
| 040 |
_aBR-BrBNA _bpor _cBiblioteca Nacional de Agricultura |
||
| 041 | _a(Pt) | ||
| 072 | _aL50 | ||
| 100 | 1 | _aNascimento, I.A. | |
| 245 | 1 | _aSobre o metabolismo da Ligia exotica [fisiologia animal, Bahia, Brasil] | |
| 650 | _aFISIOLOGIA ANIMAL | ||
| 650 | _aMETABOLISMO ANIMAL | ||
| 650 | _aCRUSTACEO | ||
| 650 | _aAPARELHO RESPIRATORIO | ||
| 650 | _aVETERINARIA | ||
| 650 | _aBAHIA | ||
| 773 | 0 |
_tBoletim do Instituto Biologico da Bahia (Brazil) _xISSN 0020-3661 _g(1970), v. 9(1) p. 43-51 _wBR7001032 |
|
| 909 |
_a202311 _bLúcia _c55 _dLúcia Elande |
||
| 942 |
_2AGRIS _n0 _cANA |
||
| 999 |
_c90808 _d90808 |
||